Statistiques concernant Le Monde par lettre - X

Cliquez ici pour prendre le quiz!

Statistiques générales

  • Ce quiz a été pris 154 fois
  • Le résultat moyen est 5 sur 10

Statistiques - réponses

IndicesRéponses% Correct
Louis (Soleil)XIV
96%
Prénom le plus populaire commençant par X en FranceXavier
94%
34 en romainXXXIV
91%
Kiss, Hug, Kissxox
57%
Rappeur assassiné en Floride à l'âge de 20 ansXXXTENTACION
51%
Président chinois actuelXi Jinping
46%
Surnom pour AlexanderXander
38%
Ville en Chine reconnue pour ses statues de terre cuiteXi'an
31%
Langue d'Afrique australeXhosa
8%
Ville la plus peuplée du monde commençant par XXiamen
4%

Distribution des résultats

Percentile par nombre de réponses

% des personnes avec chaque résultat

Votre développement - résultats

Vous n’avez pas pris ce quiz